Meanwhile : (Record no. 328427)
[ view plain ]
| 000 -LEADER | |
|---|---|
| fixed length control field | 00686cam a22002171a 4500 |
| 001 - CONTROL NUMBER | |
| control field | 8285891 |
| 003 - CONTROL NUMBER IDENTIFIER | |
| control field | Nust |
| 005 - DATE AND TIME OF LATEST TRANSACTION | |
| control field | 20170407095739.0 |
| 008 - FIXED-LENGTH DATA ELEMENTS--GENERAL INFORMATION | |
| fixed length control field | 910819s1927 enka 000 1 eng |
| 010 ## - LIBRARY OF CONGRESS CONTROL NUMBER | |
| LC control number | 32019517 |
| 020 ## - INTERNATIONAL STANDARD BOOK NUMBER | |
| International Standard Book Number | 9788129112170 |
| 035 ## - SYSTEM CONTROL NUMBER | |
| System control number | (OCoLC)25440772 |
| 040 ## - CATALOGING SOURCE | |
| Original cataloging agency | DLC |
| Transcribing agency | CaSRU |
| Modifying agency | IU |
| -- | DLC |
| 042 ## - AUTHENTICATION CODE | |
| Authentication code | premarc |
| 050 00 - LIBRARY OF CONGRESS CALL NUMBER | |
| Classification number | PZ3.W465 |
| Item number | Me2 |
| Classification number | PR5774 |
| 082 ## - DEWEY DECIMAL CLASSIFICATION NUMBER | |
| Classification number | 823 |
| Author Mark | WEL |
| 100 1# - MAIN ENTRY--PERSONAL NAME | |
| Personal name | Wells, H. G. |
| Fuller form of name | (Herbert George), |
| Dates associated with a name | 1866-1946. |
| 245 10 - TITLE STATEMENT | |
| Title | Meanwhile : |
| Remainder of title | the picture of a lady / |
| Statement of responsibility, etc. | H.G. Wells. |
| 260 ## - PUBLICATION, DISTRIBUTION, ETC. | |
| Place of publication, distribution, etc. | London : |
| Name of publisher, distributor, etc. | E. Benn, |
| Date of publication, distribution, etc. | 1927. |
| 300 ## - PHYSICAL DESCRIPTION | |
| Extent | 327 p. : |
| Other physical details | ill. ; |
| Dimensions | 19 cm. |
| 906 ## - LOCAL DATA ELEMENT F, LDF (RLIN) | |
| a | 7 |
| b | cbc |
| c | oclcrpl |
| d | u |
| e | ncip |
| f | 19 |
| g | y-gencatlg |
| 942 ## - ADDED ENTRY ELEMENTS (KOHA) | |
| Source of classification or shelving scheme | |
| Koha item type | Book |
| Withdrawn status | Lost status | Source of classification or shelving scheme | Damaged status | Not for loan | Permanent Location | Current Location | Shelving location | Date acquired | Total Checkouts | Full call number | Barcode | Date last seen | Date last checked out | Copy number | Price effective from | Koha item type |
|---|---|---|---|---|---|---|---|---|---|---|---|---|---|---|---|---|
| Central Library (CL) | Central Library (CL) | Fiction | 04/07/2017 | 3 | 823.912 WEL | CL1030 | 01/20/2025 | 01/05/2025 | 1 | 04/07/2017 | Book |
